000 00676nam a2200265Ia 4500
003 OSt
005 20221007112811.0
006 a|||||r|||| 00| 0
007 ta
008 221006b |||||||| |||| 00| 0 eng d
020 _a8170121329
024 _a29,404
037 _cTextual
040 _aLCO
_cLCO
_beng
041 _2eng
_aeng
082 _aY15:45, P8
100 _aRao Mamta
245 0 _aLaw relating to Women and Children
250 _a2nd
260 _aLucknow
_bEastern Book Company India
_c2008
300 _a507+16
650 _aWOMEN AND CHILDREN
_9704487
942 _hY15:45, P8
_cTEXL
999 _c1198967
_d1198967